Quizz sur Jacques Brel - Statistiques

Statistiques générales
  • Ce quiz a été pris 78 fois
  • Le résultat moyen est 8 sur 20
Statistiques - réponses
Questions Réponses % Correct
De quel Nationalité Jacques Brel était? Belge
100%
Pour quel port Jacques Brel en a dédiée une musique chanté uniquement en live ? Le port d'Amsterdam
91%
Selon Jacques Brel la valse contient combien de temps ? 1000 temps
77%
Dans quelle chanson Jacques Brel chante-t-il à propos de la vieillesse et de la mort de deux personnes âgées ? Les Vieux
68%
Quel est le titre de son dernier album studio sortie en 1977 Les Marquises
62%
En quel année est il née ? 1929
58%
Quel chanteur du groupe "The Police" a fais une reprise de "Ne me quitte pas" ? Sting
54%
Jacques Brel a fait ses adieux à la scène lors d’un concert au Palais des Beaux-Arts de quelle ville en 1966 ? Bruxelles
49%
Quel est le nom du film ou Jacques Brel joue en tant que "François Pignon" L'Emmerdeur
37%
Quelle chanson poignante de Brel traite de l’hypocrisie et de la fausse compassion des gens envers un mourant ? Le moribond
31%
Quel est le surnom de l'avion qu'il avait acheté a Tahiti ? Jojo
23%
Quel est le titre du film dramatique français réalisé par André Cayatte dans lequel il joue le rôle d'un instituteur accusé de pédophilie ? Les risques du metier
23%
De quelle comédie musicale américaine a-t-il fait une reprise en français dans laquelle il tient le rôle-titre ? L'Homme de la Mancha
23%
De quoi Jacques Brel est il mort ? Un cancer des poumons
22%
Quel surnom Georges Brassens donnait a son ami Jacques Brel dans les années 50 ? L'Abbé Brel
17%
Quel titre de Jacques Brel est son premier grand succès ? Quand on a que l'amour
15%
Ou est il inhumé ? Aux Iles Marquises
11%
Qui fut sa dernière compagne ? Maddly Bamy
11%
Quelle chanson raconte une évasion impossible d’un homme désespéré qui rêve de quitter sa ville natale sans jamais y parvenir ? Il nous faut regarder
5%
Jacques Brel a écrit une chanson très satirique sur un politicien belge. Quel est le titre de cette chanson ? Le colonel
3%
Aucun quiz correspondant
Distribution des résultats
% des personnes avec chaque résultat
Percentile par nombre de réponses
Votre historique - résultats
Vous n’avez pas pris ce quiz